[Yvonne Kleinmann & Achim Rabus (eds.): Aleksander Brückner revisited]
| Titel: | [Yvonne Kleinmann & Achim Rabus (eds.): Aleksander Brückner revisited] / Witold Kośny |
|---|---|
| Verfasser: | |
| In: |
Zeitschrift für Slawistik, Band 61, Heft 4 (2016), Seite 754-757 alle Artikel anzeigen |
| Veröffentlicht: | 2016 |
| Format: | Aufsatz |
| Sprache: | Deutsch |
X
alg: 42658102 001A $03025:21-02-18 001B $01999:27-07-21 $t17:20:05.000 001C $03025:21-02-18 $t13:36:01.000 001D $03025:21-02-18 001U $0utf8 001X $00 002@ $0Oou 002C $aText $btxt $2rdacontent 002D $aComputermedien $bc $2rdamedia 002E $aOnline-Ressource $bcr $2rdacarrier 003@ $0426581024 004P $010.1515/slaw-2016-0047 007A $0426581024 $aHEB 010@ $ager 010E $erda 011@ $a2016 013D $#Newspapers Sections, columns, etc. Reviews $#Book reviewing $#Journaux Cahiers, chroniques, etc. Comptes rendus $#Livres Recension $#Rezension $#Buchbesprechung $#Buchrezension $#Buchkritik $74049712-4 $8Rezension [Ts1] $9085138568 021A $a[Yvonne Kleinmann & Achim Rabus (eds.): Aleksander Brückner revisited] $hWitold Kośny 028A $BVerfasser $#Kośny, W. $#Kośny, Witold Franz-Josef $4aut $7140763864 $8Kośny, Witold$Z1937- [Tp3] $9221607455 031A $d61 $e4 $h754-757 $j2016 039B $aEnthalten in $8--Obvc--. Zeitschrift für Slawistik. - Berlin : De Gruyter, 1956-. - Online-Ressource. - ISSN 2196-7016 $x201600000610004246 $9201613530 039T $8--Aau--. Aleksander Brückner revisited. - Göttingen : Wallstein Verlag, [2015]. - 235 Seiten. - Illustrationen, 1 Karte. - ISBN 3-8353-1771-7 $9363993525 045F $a900.9438 $eDDC23BSB 045F/01 $a900 045F/03 $g438 045T $a7,41 045T $aSLAW $qDE-1a $2FID lok: 42658102 78 exp: 42658102 78 1 #EPN 201B/01 $021-02-18 $t13:34:50.000 201C/01 $021-02-18 201U/01 $0utf8 203@/01 $01018390170 208@/01 $a21-02-18 $be 209A/01 $a/ $f000 $x00 209A/01 $ab*p $x01 220C/01 $apgar 244Z/01 $#Generalgouvernement Polen $#Polska $#Rzeczpospolita Polska $#Polska Rzeczpospolita Ludowa $#Poland $#Pologne $#République Polonaise $#Generalne Gubernatorstwo w Polsce $#Polish People's Republic $#Polska Rzeczpospolita Polen $#PRL $#RP $#Polen Generalgouvernement $#Polska Generalgouvernement $#Besetzte Polnische Gebiete $#Besetztes Gebiet in Polen $#Okupowane Polskie Obszary $#Obszary Okupowane w Polsce $#Volksrepublik Polen $#Polska Rosyjska $#Republic Polen $#Respublika Pol'ša $#Pol'skaja Narodnaja Respublika $#République de Pologne $#Polen Links der Weichsel $#Polska po Lewej Stronie Wisły $#Lenkija $#Polija $#Gubernija Carstva Pol'skago $#Republik Polen $74046496-9 $8--Tg1--Polen $x01 $9085129801 247C/01 $82080>Marburg/Lahn, Herder-Institut, Forschungsbibliothek, Bibliographieportal $9336309341
| LEADER | 00000caa a2200000 c 4500 | ||
|---|---|---|---|
| 001 | 426581024 | ||
| 003 | DE-603 | ||
| 005 | 20210727172005.0 | ||
| 007 | cr|||||||||||| | ||
| 008 | 180221s2016 xx |||| o| u00||u|ger c | ||
| 024 | 7 | |a 10.1515/slaw-2016-0047 |2 doi | |
| 035 | |a (DE-599)HEB426581024 | ||
| 040 | |a DE-603 |b ger |c DE-603 |d DE-603 |e rda | ||
| 041 | |a ger | ||
| 082 | 0 | 4 | |8 1\u |a 900.9438 |q DE-101 |2 23/BSB |
| 084 | |a 7,41 |2 ssgn | ||
| 084 | |a SLAW |q DE-1a |2 fid | ||
| 085 | |8 1\u |b 900 | ||
| 085 | |8 1\u |z 2 |s 438 | ||
| 100 | 1 | |a Kośny, Witold |d 1937- |e Verfasser |4 aut |0 (DE-603)221607455 |0 (DE-588)140763864 |2 gnd | |
| 245 | 0 | 0 | |a [Yvonne Kleinmann & Achim Rabus (eds.): Aleksander Brückner revisited] |c Witold Kośny |
| 264 | 0 | |c 2016 | |
| 336 | |a Text |b txt |2 rdacontent | ||
| 337 | |a Computermedien |b c |2 rdamedia | ||
| 338 | |a Online-Ressource |b cr |2 rdacarrier | ||
| 655 | 7 | |a Rezension |2 gnd-content |0 (DE-588)4049712-4 |0 (DE-603)085138568 | |
| 773 | 0 | 8 | |i Enthalten in |t Zeitschrift für Slawistik |d Berlin : De Gruyter, 1956- |h Online-Ressource |x 2196-7016 |g Band 61, Heft 4 (2016), Seite 754-757 |w (DE-603)201613530 |w (DE-600)2434774-7 |
| 787 | 0 | 8 | |i Rezension von |t Aleksander Brückner revisited |d Göttingen : Wallstein Verlag, [2015] |h 235 Seiten, Illustrationen, 1 Karte |z 3835317717 |z 9783835317710 |w (DE-603)363993525 |
| 924 | 1 | |9 2080 |a (DE-603)1018390170 |b DE-2080 |c HES |d d |g / | |


